| 000 | 00513cam a2200193ua 4500 | ||
|---|---|---|---|
| 001 | 1395 | ||
| 008 | 110708n ii |||gr||||Z||||||eng | ||
| 020 | _a81-87125-73-X | ||
| 040 | _cMAIN | ||
| 082 | _a338.9 | ||
| 100 |
_aJhingan, M. L., _eAuthor. |
||
| 245 | 1 |
_aThe economics og Development and Planing _cby M. L. Jhingan |
|
| 250 | _a36th. | ||
| 260 |
_aDelhi: _bVrinda Publications pvt. ltd., _c2003. |
||
| 300 |
_axiv; 864p: _c23cm. |
||
| 653 | _aEconomics | ||
| 653 | _aDevelopment and planing | ||
| 942 | _cBK | ||
| 999 |
_c1289 _d1289 |
||